01766nam a22002657a 4500003000900000008004100009040007100050082002200121245014800143260003000291300002800321440010300349505072300452650002001175650002001195650001501215650003401230650002101264700002501285700004001310700003301350700003101383700003101414710005501445AR-CdUCM190425b ||||| |||| 00| 0 spa d aMUNICIPALIDAD PROVINCIAL DEL CUSCOcBIBLIOTECA MUNICIPAL DEL CUSCO aSitua/N°1,2/2005 aSitua :bRevista semestral de la Facultad de Medicina Humana /cFacultad de Medicina Humana, Universidad Nacional de San Antonio Abad del Cusco aCusco :b[UNSAAC],c2005. a47 páginas. :c31 cm. aSitua revista semestral de la Facultad de Medicina Humana.nVol 14, N° 1-2, enero-diciembre 2005. aContenido: Identificación del vector de la Bartonelosis en zona inusual de altura del Cusco-Perú, 2005. Pablo Grajeda Ancca. -- Entorno familiar y estilos de vida de riesgo de adolescentes escolares de la ciudad del Cusco, 2006. Luis Alberto Velásquez Córdova. -- IFD para la detección del virus de la rabia en murciélagos del distrito de Huanipaca-Abancay. García Aragón, Francisco. -- Características epidemiológicas de la anemia en menores de 2° que acuden al centro de salud CLASS Wánchaq 2003-2004, Arturo Uldarico Delgado Camacho. -- Caso clínico infección crónica alveolar. Herbert Cosió Dueñas. -- Embarazo ectópico corneal a propósito de un caso. Edwin Espinoza Cáceres. aMedicina humana aSalud pública aHospitales aPartidos políticos en salud aCentros de Salud aGrajeda Ancca, Pablo aVelásquez Córdova, Luis Alberto aGarcía Aragón, Francisco aCosió Dueñas, Herbert  aEspinoza Cáceres, Edwin  aUniversidad Nacional de San Antonio Abad del Cusco